After The Deluge. (Record no. 772757)

MARC details
000 -LEADER
fixed length control field 00544nam a2200181Ia 4500
008 - FIXED-LENGTH DATA ELEMENTS--GENERAL INFORMATION
fixed length control field 100921s9999 xx 000 0 und d
082 ## - DEWEY DECIMAL CLASSIFICATION NUMBER
Item number 23644
Classification number 820 थ 37
100 ## - MAIN ENTRY--PERSONAL NAME
Personal name Woolf Leonard.
245 ## - TITLE STATEMENT
Title After The Deluge.
260 ## - PUBLICATION, DISTRIBUTION, ETC. (IMPRINT)
Name of publisher, distributor, etc पेंग्वीन बुक्स,ग्रेट ब्रिटन.
Date of publication, distribution, etc 1937
300 ## - PHYSICAL DESCRIPTION
Extent 278
Other physical details ---
365 ## - TRADE PRICE
Price amount 0
520 ## - SUMMARY, ETC.
Summary, etc ललित इंग्रजी.
630 ## - SUBJECT ADDED ENTRY--UNIFORM TITLE
Uniform title After The Deluge.
650 ## - SUBJECT ADDED ENTRY--TOPICAL TERM
Topical term or geographic name as entry element ललित इंग्रजी.
730 ## - ADDED ENTRY--UNIFORM TITLE
Uniform title After The Deluge.
942 ## - ADDED ENTRY ELEMENTS (KOHA)
Koha item type Book
Holdings
Withdrawn status Lost status Damaged status Not for loan Home library Current library Shelving location Date acquired Cost, normal purchase price Total Checkouts Barcode Date last seen Price effective from Koha item type Public note
        Lo. Tilak Granthasangrahalaya, Wai Lo. Tilak Granthasangrahalaya, Wai     0.00   WAITILAKGS-23644 09/21/2010 09/21/2010 Book देवघेव